Oswald Spengler, a critical estimate.

Bibliographic Details
Main Author: Hughes, H. Stuart (Henry Stuart), 1916-1999
Format: Book
Language:English
Published: New York : Scribner, 1952.
Series:Twentieth century library
Subjects:

MARC

Tag First Indicator Second Indicator Subfields
LEADER 00000cam a2200000 4500
001 in00000061811
005 20151008050613.0
008 720322s1952 nyu b 00000 eng u
010 |a  52007521  
035 |a (OCoLC)00268706 
035 |9 AAG2075AM 
040 |c HEI  |d OCL  |d TXA  |d UtOrBLW 
049 |a TXAM  |c [206363] 
050 0 |a B3332.S44  |b H8 
082 0 |a 193.9 
092 |a 193.9  |b S747h 
100 1 |a Hughes, H. Stuart  |q (Henry Stuart),  |d 1916-1999. 
245 1 0 |a Oswald Spengler, a critical estimate. 
264 1 |a New York :  |b Scribner,  |c 1952. 
300 |a ix, 176 pages ;  |c 21 cm. 
336 |a text  |b txt  |2 rdacontent 
337 |a unmediated  |b n  |2 rdamedia 
338 |a volume  |b nc  |2 rdacarrier 
490 0 |a Twentieth century library 
504 |a Bibliography: pages 169-171. 
600 1 0 |a Spengler, Oswald,  |d 1880-1936. 
999 |a MARS 
999 f f |s 60f9b5d2-22ba-31b4-bec9-0c9902e55ac9  |i 7818d345-25b3-3e9d-90fa-09135a7fd938  |t 0 
952 f f |p ric  |a Texas A&M University  |b Rellis Campus  |c Joint Library Facility  |d Remote Storage  |t 0  |e B3332.S44 H8  |h Library of Congress classification  |i unmediated -- volume  |m A14800544695 
998 f f |a B3332.S44 H8  |t 0  |l Remote Storage